| 000 | 00807nam a2200265Ia 4500 | ||
|---|---|---|---|
| 005 | 20260429112138.0 | ||
| 008 | 260429s9999||||xx |||||||||||||| ||und|| | ||
| 020 | _a9781394285518 | ||
| 041 | _aEnglish | ||
| 082 |
_a658.4014 _bSOL |
||
| 100 | _aSoltoff, Ben | ||
| 245 | 0 |
_aDisciplined entrepreneurship for climate and energy ventures : _b24 steps to build solutions for people and the planet / _cBen Soltoff |
|
| 250 | _a1st ed. | ||
| 260 |
_aNew Jersey : _bWiley, _c2026. |
||
| 300 | _axv, 271 p.; hb | ||
| 440 | _aDisciplined emtrepreneurship series | ||
| 650 | _a Climatic changes | ||
| 650 | _a Economics aspects | ||
| 650 | _aNew business enterprises | ||
| 700 | _a Aulet, Bill | ||
| 700 | _a Hynes, Tod | ||
| 700 | _a O'Sullivan, Francis | ||
| 700 | _a Wayman, Libby | ||
| 942 | _cTB | ||
| 999 |
_c52580 _d52580 |
||